| 000 | 00548nam a2200205 a 4500 | ||
|---|---|---|---|
| 005 | 20140310183544.0 | ||
| 008 | 110929s19uu xx 00 eng d | ||
| 020 | _a139781599184111 | ||
| 050 |
_aHF 5429.23 _b.M38 2011 |
||
| 100 | _aMathews, Joe | ||
| 245 |
_aStreet smart franchising / _cJoe Mathews. |
||
| 250 | _a2nd ed. | ||
| 260 |
_aUSA : _bJere Calmes, _c2011. |
||
| 300 |
_a271 p. : _bill. _c24 cm. |
||
| 500 | _aIncludes index. | ||
| 521 | _aBSBA | ||
| 650 | _aFranchise (Retail trade). | ||
| 942 |
_cBK _2lcc _kFOR |
||
| 999 |
_c24846 _d24846 |
||